Statistics for CAR LOGO BRANDS

Click here to take the quiz!

General Stats

  • This quiz has been taken 108 times
  • The average score is 14 of 16

Answer Stats

Answer% Correct
AUDI
99%
HONDA
98%
MERCEDES BENZ
97%
FERRARI
95%
VOLKS WAGEN
94%
PORSCHE
93%
TESLA
93%
Chevrolet
91%
MAZDA
86%
MUSTANG
84%
MITSUBISHI
83%
DODGE
76%
Corvette
72%
MASERATI
69%
Peugeot
66%
citroen
65%

Score Distribution

Percentile by Number Answered

Percent of People with Each Score

Your Score History

You have not taken this quiz